000
00212 a2200097 4500
001
6812
100
_a
Angus, R B
245
_a
Electrical Engineering Fundomantals
260
_a
_b
Westey
_c
090
_c
5628
_d
5628
942
_a
NUST-CAE
_c
M
_c
32076
999
_c
241885
_d
241885